Implementing flexible manufacturing systems /

Bibliographic Details
Main Author: Greenwood, Nigel R., 1953-
Format: Book
Language:English
Published: New York : Wiley, 1988.
Subjects:

MARC

Tag First Indicator Second Indicator Subfields
LEADER 00000cam a22000008a 4500
001 in00000027926
005 20151007054649.0
008 870527s1988 nyua b 00110 eng
010 |a  87014969  
020 |a 0470209321 
035 |a (OCoLC)16088080 
035 |9 AAB5871AM 
040 |a DLC  |c DLC  |d TXA  |d UtOrBLW 
049 |a TXAM  |c [A10954630] 
050 0 0 |a TS155.6  |b .G74 1988 
082 0 |a 670.42  |2 19 
100 1 |a Greenwood, Nigel R.,  |d 1953- 
245 1 0 |a Implementing flexible manufacturing systems /  |c Nigel R. Greenwood. 
263 |a 8801 
264 1 |a New York :  |b Wiley,  |c 1988. 
300 |a xiv, 279 pages :  |b illustrations 
336 |a text  |b txt  |2 rdacontent 
337 |a unmediated  |b n  |2 rdamedia 
338 |a volume  |b nc  |2 rdacarrier 
500 |a "A Halsted Press book." 
504 |a Bibliography: pages 264-272. 
500 |a Includes index. 
650 0 |a Flexible manufacturing systems. 
999 |a MARS 
999 f f |s 51da831c-1d20-33c7-b3df-4a4c085bbba0  |i 077bd159-f018-3e9c-831e-49259134be1b  |t 0 
952 f f |p ric  |a Texas A&M University  |b Rellis Campus  |c Joint Library Facility  |d Remote Storage  |t 0  |e TS155.6 .G74 1988  |h Library of Congress classification  |i unmediated -- volume  |m A14810954630 
998 f f |a TS155.6 .G74 1988  |t 0  |l Remote Storage